|
|
|
|
| LEADER |
00000cam a2200000 4500 |
| 001 |
vtls012145516 |
| 003 |
SK-MaSNL |
| 005 |
20260302062555.0 |
| 008 |
220805s2022 xo o g f 010 0 slo |
| 015 |
|
|
|a SNBA2023/03
|
| 020 |
|
|
|a 9788055183619
|q (brožované)
|
| 040 |
|
|
|a SNK
|b slo
|c SNK
|e rda
|
| 041 |
1 |
|
|a slo
|h ger
|
| 044 |
|
|
|a xo
|c SK
|
| 072 |
|
7 |
|a 821.161
|x Východoslovanské literatúry
|2 konspekt
|
| 072 |
|
7 |
|a 159.92
|x Vývinová psychológia. Psychológia osobnosti
|2 konspekt
|
| 080 |
|
|
|a 165.242.1
|2 2011
|
| 080 |
|
|
|a 316.46
|2 2011
|
| 080 |
|
|
|a 159.952.4/.5
|2 2011
|
| 080 |
|
|
|a 159.954
|2 2011
|
| 080 |
|
|
|a 179.9
|2 2011
|
| 080 |
|
|
|a 821.161
|2 2011
|
| 100 |
1 |
|
|a Kličko, Vladimir,
|d 1976-
|4 aut
|9 102979
|
| 240 |
1 |
0 |
|a F.A.C.E. the challenge: Entdecke die Willenskraft in dir!
|l Slovensky
|
| 245 |
1 |
0 |
|a Prijmi výzvu!
|b objav v sebe silu vôle
|c Vladimír Kličko, Tatjana Kiel ; z nemeckého originálu F.A.C.E. the challenge: Entdecke die Willenskraft in dir! ... preložila Ivana Trubirohová
|
| 250 |
|
|
|a Prvé vydanie
|
| 264 |
|
1 |
|a Bratislava
|b Ikar
|c 2022
|
| 300 |
|
|
|a 189 strán
|b ilustrácie
|c 23 cm
|
| 336 |
|
|
|a text
|b txt
|2 rdacontent
|
| 337 |
|
|
|a bez média
|b n
|2 rdamedia
|
| 338 |
|
|
|a zväzok
|b nc
|2 rdacarrier
|
| 500 |
|
|
|a Obsahuje profesijné údaje o autoroch
|
| 504 |
|
|
|a Obsahuje bibliografické odkazy
|
| 650 |
0 |
7 |
|a sebauvedomovanie
|2 SNKPH
|9 71747
|
| 650 |
0 |
7 |
|a rozvoj osobnosti
|2 SNKPH
|9 63298
|
| 650 |
0 |
7 |
|a vodcovstvo
|2 SNKPH
|9 4915
|
| 650 |
0 |
7 |
|a úspech
|2 SNKPH
|9 3804
|
| 650 |
0 |
7 |
|a Self-awareness
|2 SNKPHeng
|9 334255
|
| 650 |
0 |
7 |
|a Personality development
|2 SNKPHeng
|9 275896
|
| 655 |
|
7 |
|a príručky
|2 SNKPH
|9 74364
|
| 655 |
|
7 |
|a Handbooks, manuals, etc.
|2 SNKPHeng
|9 90964
|
| 655 |
|
7 |
|a populárno-náučná literatúra
|2 SNKPH
|9 277403
|
| 700 |
1 |
|
|a Kiel, Tatjana
|4 aut
|9 722763
|
| 700 |
1 |
|
|a Trubirohová, Ivana
|4 trl
|9 217392
|
| 852 |
|
|
|a Štátna vedecká knižnica v Banskej Bystrici
|
| 919 |
|
|
|a 978-80-551-8361-9
|
| 954 |
|
|
|a iná literatúra (príručky, kuchárske knihy, hobby literatúra, sprievodcovia) cudzojazyčná (svetová)
|2 lita
|
| 958 |
|
|
|a LX
|
| 958 |
|
|
|a OP
|
| 968 |
|
|
|b DT
|
| 999 |
|
|
|c 1129749
|d 1131679
|
| 952 |
|
|
|a SNK
|b SNK
|y PREZ
|7 0
|p 17A1309282
|o snkSC 198573
|i snk2022/12237
|8 0
|0 0
|1 0
|4 0
|d 2022-08-08
|l 0
|r 2025-10-21 00:00:00
|w 2026-02-24
|
| 952 |
|
|
|a SNK
|b SNK
|y VYP
|7 0
|p 17A1309283
|o snkSC 198573 D1
|i snk2022/12238
|8 0
|0 0
|1 0
|4 0
|d 2022-08-08
|l 0
|r 2026-02-24 18:58:26
|w 2026-02-24
|